| 000 | 01221namaa22003011i 4500 | ||
|---|---|---|---|
| 003 | EG-GICUC | ||
| 005 | 20260427124347.0 | ||
| 008 | 260426s199u ua ||||jr|||d 001 0 ara d | ||
| 040 |
_aEG-GiCUC _bara _cEG-GiCUC _dEG-GiCUC _erda |
||
| 082 | 0 | 4 |
_221 _a413 _bA992 199- |
| 092 | 0 | 4 |
_221 _a413 _bA992 199- |
| 099 | _a413 A992 199- | ||
| 100 | 1 |
_aالازدى البصرى، ابن دريد ابى بكر محمد بن الحسن، _d933. _eمؤلف. |
|
| 245 | 1 | 2 |
_aكتاب جمهرة اللغة / _cلابن دريد ابى بكر محمد بن الحسن الازدى البصرى المتوفى سنة 321هـ |
| 246 | 1 | 0 | _aجمهرة اللغة |
| 264 |
_a[القاهرة] : _bمكتبة الثقافة الدينية، _c[199-]. |
||
| 300 |
_a4مجلدات _b؛ _c24 سم |
||
| 336 |
_2rdacontent _atext |
||
| 337 |
_2rdamedia _aUnmediated |
||
| 338 |
_2rdacarrier _avolume |
||
| 504 | _aيشتمل على ارجاعات ببلوجرافية وكشافات. | ||
| 541 |
_aد. جابر عصفور ؛ _bالقاهرة ؛ _cإهداء ؛ _d2024. |
||
| 650 | 1 | 7 |
_aاللغة، علم _2qrmak |
| 650 | 1 | 7 |
_aاللغة العربية _xمعاجم _2qrmak |
| 651 | 1 | _2qrmak | |
| 905 | _aNoha | ||
| 942 |
_2ddc _cREF _e21 _n0 |
||
| 999 |
_c179730 _d179730 |
||